[Event "48th Capablanca Open I 2013"]
[Site "Havana CUB"]
[Date "2013.04.22"]
[Round "2.13"]
[White "Gonzalez de la Torre,S"]
[Black "Vilela de Acuna,J"]
[Result "1-0"]
[WhiteElo "2446"]
[BlackElo "2326"]

1.e4 c5 2.Nf3 e6 3.d4 cxd4 4.Nxd4 a6 5.Nc3 b5 6.Bd3 Qb6 7.Nf3 Nc6 8.O-O Qb8
9.e5 f5 10.Re1 Nge7 11.h4 Bb7 12.h5 Nb4 13.Be2 Nbd5 14.Nb1 Nc6 15.c4 bxc4
16.Bxc4 Na5 17.Bxd5 Bxd5 18.Nc3 Bc6 19.Nd4 Bb4 20.h6 g6 21.Bg5 Ra7 22.Qd3 Ba8
23.a3 Bc5 24.b4 Bxd4 25.Qxd4 Nb3 26.Qc4 Nxa1 27.Qc5 d6 28.exd6 O-O 29.Rxa1 Rd7
30.Rd1 Qb7 31.f3 Re8 32.Qe5 Qc6 33.Nd5 Qxd5 34.Rxd5 Bxd5 35.Be7 Rdxe7 36.dxe7 Rxe7
37.Qb8+ Kf7 38.Qh8 e5 39.Qxh7+  1-0

[Event "Zonal 2.5 2013"]
[Site "Montevideo URU"]
[Date "2013.04.22"]
[Round "6.1"]
[White "Bachmann,Ax"]
[Black "Flores,Di"]
[Result "1-0"]
[WhiteElo "2529"]
[BlackElo "2600"]

1.e4 c5 2.Nc3 e6 3.Nf3 a6 4.d4 cxd4 5.Nxd4 b5 6.Bd3 Qb6 7.Nb3 Qc7 8.O-O Bb7
9.Qe2 Nc6 10.f4 d6 11.a4 b4 12.Nb1 Nf6 13.a5 g6 14.Be3 Bg7 15.N1d2 O-O 16.Bb6 Qb8
17.Ra2 Re8 18.Be3 Qc7 19.Bb6 Qb8 20.Qf2 Ng4 21.Qh4 f5 22.h3 Nf6 23.exf5 exf5
24.Nf3 d5 25.Ng5 h6 26.Nf3 Ne4 27.Raa1 Qd6 28.Rad1 Qf8 29.Be2 Bxb2 30.Rxd5 Bf6
31.Bc4 Kh8 32.Qe1 Nc3 33.Qg3 Nxd5 34.Bxd5 Kh7 35.Rd1 Rad8 36.Bxd8 Rxd8 37.Ng5+ Bxg5
38.fxg5 f4 39.Qf2 Ne5 40.Qa7 Qg7 41.gxh6 Kxh6 42.Qc5 Qf6 43.Rd2 Qg5 44.Bxb7 Nf3+
45.Bxf3 Qxc5+ 46.Nxc5 Rxd2 47.Nxa6 Rxc2 48.Nxb4 Rb2 49.a6  1-0

[Event "2nd Jan Van Leeuwen Memorial"]
[Site "Ghent BEL"]
[Date "2013.04.23"]
[Round "5.7"]
[White "Sterckx,Pieter"]
[Black "Van Haelst,Raymond"]
[Result "0-1"]
[WhiteElo "1705"]
[BlackElo "1816"]

1.e4 c5 2.Nf3 e6 3.d4 cxd4 4.Nxd4 a6 5.Nc3 Qc7 6.Be2 Nc6 7.Be3 Nf6 8.Qd2 Bb4
9.Bf3 Ne5 10.Nde2 Nc4 11.Qc1 O-O 12.Bg5 Ne8 13.O-O Ne5 14.Bh5 f6 15.Bh4 g6
16.f4 Nc4 17.Bf3 b5 18.a4 Bc5+ 19.Kh1 b4 20.e5 bxc3 21.Bxa8 cxb2 22.Qb1 bxa1=Q
23.Qxa1 fxe5 24.f5 Ne3 25.Rb1 Nxf5 26.Bg5 d5 27.c4 Nd4 28.Nc3 Qa7  0-1

[Event "77th ch-BUL 2013"]
[Site "Bankya BUL"]
[Date "2013.04.24"]
[Round "10.1"]
[White "Vutov,M"]
[Black "Nikolov,Mo"]
[Result "1/2-1/2"]
[WhiteElo "2362"]
[BlackElo "2527"]

1.e4 c5 2.Nf3 e6 3.d4 cxd4 4.Nxd4 a6 5.Nc3 Qc7 6.Bd3 Nf6 7.f4 d6 8.O-O Be7
9.Qe2 Nbd7 10.Kh1 O-O 11.Bd2 Nc5 12.Rf3 Nxd3 13.cxd3 b5 14.Rc1 Qd7 15.Rg3 Bb7
16.a3 Rfe8 17.f5 Kh8 18.fxe6 fxe6 19.Rf1 Rf8 20.Nd1 Rf7 21.Ne3 Raf8 22.Rgf3 Bd8
23.Bc3 Kg8 24.Qd1 Ne8 25.Rxf7 Rxf7 26.Qg4 Rxf1+ 27.Nxf1 Bc8 28.Ne3 Qf7 29.Qf3 Bg5
30.Qxf7+ Kxf7 31.Ndc2 Nf6 32.Kg1 Nd7 33.Kf2 Nc5 34.Ke2 Na4 35.Kd2 Bb7 36.Ke2 g6
37.g3 h5 38.Nd4 Bd8 39.Nd1 Bb6 40.Nf3 Nxc3+ 41.Nxc3 Kf6 42.h3 Bc6  1/2-1/2

[Event "TCh-CZE Extraliga 2012-13"]
[Site "Czech Republic CZE"]
[Date "2013.04.26"]
[Round "9.8"]
[White "Sluka,R"]
[Black "Zpevak,P"]
[Result "0-1"]
[WhiteElo "2292"]
[BlackElo "2379"]

1.e4 c5 2.Nc3 e6 3.Nf3 a6 4.d4 cxd4 5.Nxd4 Qc7 6.g3 Nf6 7.Bg2 d6 8.O-O Be7
9.a4 O-O 10.a5 Nc6  0-1

[Event "48th Capablanca Open I 2013"]
[Site "Havana CUB"]
[Date "2013.04.27"]
[Round "6.6"]
[White "Garcia Pantoja,R"]
[Black "Franco Alonso,A"]
[Result "1-0"]
[WhiteElo "2425"]
[BlackElo "2504"]

1.e4 c5 2.Nf3 e6 3.d4 cxd4 4.Nxd4 a6 5.Nc3 Qc7 6.Bd3 Nf6 7.Bg5 Be7 8.f4 Qb6
9.Nb3 Qe3+ 10.Qe2 Qxe2+ 11.Bxe2 d6 12.O-O-O Nc6 13.a4 b6 14.Nd2 Na5 15.b4 Nc6
16.Nc4 Nxb4 17.Nxd6+ Kf8 18.Bf3 h6 19.e5 Nfd5 20.Bxe7+ Kxe7 21.Bxd5 Nxd5
22.Rxd5 exd5 23.Nxd5+  1-0

[Event "Zonal 2.4 Absoluto 2013"]
[Site "Manaus BRA"]
[Date "2013.04.27"]
[Round "1.8"]
[White "Souza Santos,Carlos Roberto"]
[Black "Macedo,MIa"]
[Result "0-1"]
[WhiteElo "1977"]
[BlackElo "2386"]

1.e4 c5 2.Nf3 e6 3.Nc3 a6 4.d4 cxd4 5.Nxd4 b5 6.Bd3 Qb6 7.Nb3 Qc7 8.O-O Nf6
9.a3 Bb7 10.Qe2 d6 11.Bf4 Nbd7 12.Rad1 e5 13.Be3 Be7 14.Kh1 O-O 15.f4 Rfe8
16.f5 Bf8 17.Bg5 Rac8 18.Rfe1 h6 19.Bh4 Be7 20.Bf2 Nc5 21.Qf3 Bf8 22.h3 Nxd3
23.Qxd3 Be7 24.Rd2 Red8 25.Qf3 Bc6 26.Kh2 d5 27.Kh1 Nxe4 28.Nxe4 dxe4 29.Qe3 Bg5
30.Rxd8+ Rxd8 31.Qc3 Qd6 32.Re2 Bb7 33.Bg3 Bf4 34.Kh2 e3 35.Nc1 Bxg3+ 36.Kxg3 e4+
37.Kg4 h5+ 38.Kxh5 g6+ 39.Kg5 Qg3+ 40.Kf6 Kf8 41.Qc5+ Rd6+  0-1

[Event "Zonal 2.4 Absoluto 2013"]
[Site "Manaus BRA"]
[Date "2013.04.27"]
[Round "1.13"]
[White "Proudian,Armen"]
[Black "Ferreira,Jos"]
[Result "1-0"]
[WhiteElo "2271"]
[BlackElo "1912"]

1.e4 c5 2.Nf3 e6 3.d4 cxd4 4.Nxd4 a6 5.Nc3 b5 6.Bd3 d6 7.a4 b4 8.Na2 d5 9.O-O Bb7
10.e5 Nc6 11.Nxc6 Bxc6 12.Qg4 Qb8 13.Qd4 Qb7 14.c3 a5 15.cxb4 Bxb4 16.Nxb4 axb4
17.Bd2 Ne7 18.Bxb4 O-O 19.Bxh7+ Kxh7 20.Qh4+ Kg8 21.Bxe7 Rfe8 22.Bf6  1-0

[Event "48th Capablanca Open I 2013"]
[Site "Havana CUB"]
[Date "2013.04.28"]
[Round "7.6"]
[White "Guerra Mojena,L"]
[Black "Otero Acosta,D"]
[Result "1/2-1/2"]
[WhiteElo "2373"]
[BlackElo "2471"]

1.e4 c5 2.Nf3 e6 3.Nc3 a6 4.d4 cxd4 5.Nxd4 Qc7 6.Bd3 Nf6 7.f4 Bb4 8.Bd2 Nc6
9.Nxc6 bxc6 10.e5 Bxc3 11.Bxc3 Nd5 12.Bd2 c5 13.c4 Ne7 14.Be4 Bb7 15.Qe2 O-O
16.Bc3 Bxe4 17.Qxe4 Qc6 18.Qe2 Nf5 19.O-O Rfd8 20.Ba5 Rf8 21.Bc3 Rad8 22.Rad1 d5
23.exd6 Rxd6 24.Rxd6 Qxd6 25.Be5 Qc6 26.Rd1 f6 27.Bc3 Re8 28.Rd2 Nd6 29.Rd3 Ne4
30.Qf3 Rc8 31.Be1 Nd6 32.Qxc6 Rxc6 33.b3 Kf7 34.Kf2 Ke7 35.Kf3 h5  1/2-1/2

[Event "48th Capablanca Open I 2013"]
[Site "Havana CUB"]
[Date "2013.04.28"]
[Round "7.41"]
[White "Perera Alfonso,R"]
[Black "Abarca Gonzalez,D"]
[Result "1-0"]
[WhiteElo "2301"]
[BlackElo "2026"]

1.e4 c5 2.Nf3 e6 3.d4 cxd4 4.Nxd4 a6 5.Nc3 Qc7 6.Bd3 Bc5 7.Nb3 Be7 8.O-O Nf6
9.Qe2 d6 10.f4 Nbd7 11.Bd2 b5 12.a3 Bb7 13.Rae1 e5 14.Kh1 O-O 15.f5 Rfe8
16.Qf3 Nb6 17.Na5 Bc8 18.Bg5 Nc4 19.Nxc4 bxc4 20.Bxf6 Bxf6 21.Nd5 Qc5 22.b4 Qc6
23.Be2 Bb7 24.Qh5 Rac8 25.Rf3 Bd8 26.Rh3 h6 27.f6 Rb8 28.Rg3  1-0

[Event "48th Capablanca Open I 2013"]
[Site "Havana CUB"]
[Date "2013.04.29"]
[Round "8.44"]
[White "Franco Valencia,A"]
[Black "Macias Murillo,B"]
[Result "1/2-1/2"]
[WhiteElo "2167"]
[BlackElo "2298"]

1.e4 c5 2.Nf3 e6 3.d4 cxd4 4.Nxd4 a6 5.Nc3 Qc7 6.g3 b5 7.Bg2 Bb7 8.O-O d6
9.Re1 Nd7 10.a4 b4 11.Na2 e5 12.Nf5 Rc8 13.Nxb4 a5 14.Na2 Qxc2 15.Qxc2 Rxc2
16.Nc3 Nc5 17.Ne3 Rxc1 18.Raxc1 Nd3 19.Red1 Nxc1 20.Rxc1 Ne7 21.Nc4 Nc6 22.Nb5 Nd4
23.Nxd4 exd4 24.Nxa5 Ba6 25.Rd1 Kd7 26.Rxd4 Kc7 27.b4 Kb6 28.Nb3 Be7 29.b5 Bc8
30.Bf1 Be6 31.a5+ Kb7 32.Bc4 Rc8 33.Bd5+ Ka7 34.Rb4 Bxd5 35.exd5 Bf6 36.Kg2 Kb7
37.Ra4 Bc3 38.Nd4 Bxd4 39.Rxd4 Rc5 40.Rb4 Rxd5 41.a6+ Kb8 42.b6 Ra5 43.a7+ Kb7
44.Kf3 h6 45.Ke3 f5 46.Kd4 g5 47.Kc4 Rc5+ 48.Kb3 Rc8 49.Ra4 Ra8 50.Kc4 Kxb6
51.Kd5 Kc7 52.Ra6 f4 53.gxf4 gxf4 54.Rc6+ Kb7 55.Rxd6 Kxa7 56.Rxh6 Kb7 57.Rh4 f3
58.Rh3 Rf8 59.Ke4 Kc6 60.Rxf3 Rh8 61.h3 Kd6 62.Rg3 Ke6 63.f4 Kf6 64.Kf3 Rh6
65.Ke4 Rh8 66.Ra3 Rh4 67.Ra6+ Kf7 68.Kf5 Rxh3 69.Ra7+ Kf8 70.Kg6 Rb3 71.f5 Rg3+
72.Kf6 Kg8 73.Ra8+ Kh7 74.Kf7 Rg7+ 75.Ke6 Rb7 76.Re8 Rb6+ 77.Kf7 Rb7+ 78.Re7 Rb8
79.Rd7 Ra8 80.Kf6+ Kh6 81.Re7 Ra6+ 82.Re6 Ra7 83.Rd6 Rb7 84.Re6 Ra7 85.Re8 Ra6+
86.Ke5 Ra5+ 87.Kf6 Ra6+ 88.Re6 Ra7 89.Ke5+ Kg7 90.Kf4 Kf7 91.Kg5 Ra1 92.Re4 Rg1+
93.Kf4 Kf6 94.Ra4 Rf1+ 95.Ke4  1/2-1/2

[Event "48th Capablanca Open II 2013"]
[Site "Havana CUB"]
[Date "2013.04.30"]
[Round "9.18"]
[White "Villar Alonso,Javier"]
[Black "Cuartas,B"]
[Result "1-0"]
[WhiteElo "1935"]
[BlackElo "2138"]

1.e4 c5 2.Nf3 e6 3.d4 cxd4 4.Nxd4 a6 5.Nc3 Qc7 6.Be2 Nf6 7.O-O d6 8.Be3 b5
9.a3 Bb7 10.Bf3 Nbd7 11.Nb3 Ne5 12.Nd2 Nxf3+ 13.Qxf3 d5 14.Rfe1 Bd6 15.Bd4 e5
16.exd5 O-O 17.Be3 Be7 18.Rad1 Rad8 19.Nb3 h6 20.Rd2 Rfe8 21.Red1 Bd6 22.Bxh6 e4
23.Qh3 Bc8 24.Qh4 gxh6 25.Qxf6 Bxh2+ 26.Kh1 Bf4 27.d6 Qb7 28.Qxf4 e3 29.fxe3 Bd7
30.Nc5 Qc6 31.Nxd7 Rxd7 32.Nd5  1-0

[Event "Zonal 2.4 Absoluto 2013"]
[Site "Manaus BRA"]
[Date "2013.04.30"]
[Round "5.25"]
[White "Lopes,Janio Ribeiro"]
[Black "Chang,S"]
[Result "1-0"]
[WhiteElo "2076"]
[BlackElo "1972"]

1.e4 c5 2.Nf3 e6 3.d4 cxd4 4.Nxd4 a6 5.Nc3 Qc7 6.Bd3 Nf6 7.O-O Bd6 8.h3 Nc6
9.Nb3 Bf4 10.Qf3 Bxc1 11.Raxc1 O-O 12.Rfe1 Rb8 13.a4 b6 14.Qe2 Nb4 15.e5 Nxd3
16.cxd3 Ne8 17.d4 Qd8 18.f4 Bb7 19.Red1 Nc7 20.Ne4 Bc6 21.a5 Bxe4 22.Qxe4 f5
23.Qe2 Nd5 24.Qxa6 Nxf4 25.Qf1 Nd5 26.Rd3 bxa5 27.Qf2 Qb6 28.Nc5 Qxb2 29.Qxb2 Rxb2
30.Nxd7 Ra8 31.g3 f4 32.Nc5 Rc8 33.Ra1 Ne3 34.gxf4 Rg2+ 35.Kh1 Re2 36.Rxa5 Rb8
37.Rb3 Rxb3 38.Nxb3 Nd5 39.f5 Nf4 40.fxe6 Nxe6 41.Ra8+ Kf7 42.Ra7+ Kf8 43.d5 Ng5
44.e6 Nf3 45.Rf7+  1-0

[Event "Heroes Day Masters 2013"]
[Site "Hastings BAR"]
[Date "2013.05.01"]
[Round "10.3"]
[White "Harper,R"]
[Black "Matthews,S"]
[Result "1-0"]
[WhiteElo "2244"]
[BlackElo "2206"]

1.e4 c5 2.Nf3 e6 3.d4 cxd4 4.Nxd4 a6 5.Nc3 Qc7 6.g3 Nf6 7.Bg2 Nc6 8.Nde2 Be7
9.O-O d6 10.Nf4 Bd7 11.a4 Rc8 12.Re1 O-O 13.Nd3 Rfd8 14.f4 Na5 15.g4 Nc4
16.g5 Ne8 17.f5 Ne5 18.Nxe5 dxe5 19.Qf3 b5 20.axb5 axb5 21.f6 Bb4 22.Rf1 Bxc3
23.bxc3 Qxc3 24.Be3 g6 25.Bb6 Qxf3 26.Bxf3 Bc6 27.Bxd8 Rxd8 28.Rfd1 Rd4 29.c3 Ra4
30.Rxa4 bxa4 31.Ra1 h6 32.h4 Nd6 33.Kf2 Kf8 34.Ke3 Ke8 35.Bd1 Nc4+ 36.Kf2 a3
37.Bc2 Nd6 38.Kf3 Nb5 39.Bd3 Nxc3 40.Rxa3 Nb5 41.Bxb5 Bxb5 42.Ra8+ Kd7 43.Ra7+ Ke8
44.Re7+ Kf8 45.Rb7 Bc6 46.Rb8+ Be8 47.Ra8  1-0

[Event "48th Capablanca Open I 2013"]
[Site "Havana CUB"]
[Date "2013.05.01"]
[Round "10.37"]
[White "Morales Romero,P"]
[Black "Hernandez Moya,Y"]
[Result "1/2-1/2"]
[WhiteElo "2366"]
[BlackElo "2227"]

1.e4 c5 2.Nf3 e6 3.d4 cxd4 4.Nxd4 a6 5.Nc3 d6 6.Be2 Nf6 7.O-O Be7 8.a4 b6
9.Be3 Bb7 10.f3 O-O 11.Qd2 Nbd7 12.Rad1  1/2-1/2

[Event "Mistrzostwa Malopolski A"]
[Site "Krakow POL"]
[Date "2013.05.02"]
[Round "5.2"]
[White "Barski,R"]
[Black "Tokarski,L"]
[Result "1-0"]
[WhiteElo "2238"]
[BlackElo "2270"]

1.e4 c5 2.Nf3 e6 3.d4 cxd4 4.Nxd4 a6 5.Nc3 b5 6.Bd3 d6 7.O-O Nf6 8.Qe2 Bb7
9.Kh1 Nbd7 10.Bd2 Be7 11.b4 Rc8 12.a4 bxa4 13.Rxa4 Nb6 14.Raa1 d5 15.Bxa6 Bxa6
16.Rxa6 Rc4 17.e5 Rxd4 18.exf6 gxf6 19.Be3 Rxb4 20.Na2 Re4 21.f3 Rxe3 22.Qxe3 Nc4
23.Qb3 O-O 24.Qa4 Qb8 25.Nc1 Qe5 26.Nd3 Qe2 27.Rg1 Bd6 28.Rxd6 Nxd6 29.Qg4+ Kh8
30.Qb4 Ra8 31.Qxd6 Qxc2 32.Nf4 Qb2 33.Nh5 Qe5 34.Qxe5 fxe5 35.Re1 d4 36.Kg1 Ra5
37.g4 h6 38.Kf2 Kh7 39.Rb1 Kg6 40.h4 Ra8 41.Rb7 Rd8 42.Ke2 d3+ 43.Kd2 Rd4
44.Ng3 Rf4 45.Ke3 Rd4 46.h5+ Kg7 47.Ne4 Rd8 48.Kd2 Rd5 49.Rb3 Rd7 50.Rxd3 Ra7
51.Ng3 Kf6 52.Ke3 Ke7 53.Rc3 f6 54.Rb3 Rc7 55.Rb8 Kf7 56.Ne4 Kg7 57.Nd6 Rd7
58.Rb7 Rxb7 59.Nxb7 f5 60.Nc5  1-0

[Event "Old Capital Open 2013"]
[Site "Veliko Tarnovo BUL"]
[Date "2013.05.02"]
[Round "2.4"]
[White "Stoyanov,Tihomir"]
[Black "Stanojoski,Z"]
[Result "0-1"]
[WhiteElo "2079"]
[BlackElo "2399"]

1.e4 c5 2.Nc3 a6 3.Nf3 e6 4.d4 cxd4 5.Nxd4 Qc7 6.Bd3 Bc5 7.Nf3 Nc6 8.Qe2 b5
9.O-O Bb7 10.Be3 Be7 11.a4 b4 12.Nd1 Nf6 13.b3 h6 14.Nd2 d5 15.f3 O-O 16.Qf2 d4  0-1

[Event "Old Capital Open 2013"]
[Site "Veliko Tarnovo BUL"]
[Date "2013.05.02"]
[Round "3.2"]
[White "Senetia,T"]
[Black "Rombaldoni,Ax"]
[Result "0-1"]
[WhiteElo "2196"]
[BlackElo "2486"]

1.e4 c5 2.Nf3 e6 3.d4 cxd4 4.Nxd4 a6 5.Nc3 Qc7 6.Be2 Nf6 7.O-O Bc5 8.Be3 d6
9.a3 O-O 10.Qd2 b5 11.b4 Bb6 12.f3 Rd8 13.Bd3 Qa7 14.Qf2 Bd7 15.Nf5 Bxe3
16.Nxe3 Nc6 17.f4 Rdc8 18.Ne2 a5 19.Rab1 Nd4 20.Nxd4 Qxd4 21.Nd1 Qxf2+ 22.Rxf2 axb4
23.axb4 Ra3 24.Re2 Bc6 25.g3 e5 26.f5 g6 27.fxg6 hxg6 28.h3 Kg7 29.g4 Rh8
30.Nf2 Nh7 31.Re3 Ng5 32.Rbe1 f5 33.exf5 Nf3+ 34.Rxf3 Bxf3 35.fxg6 Bc6 36.Kh2 Rf8
37.Kg1 Rf4 38.h4 Bd7  0-1

[Event "Mukachevo Rating 18 2013"]
[Site "Mukachevo UKR"]
[Date "2013.05.03"]
[Round "4.1"]
[White "Malyi,V"]
[Black "Volovikov,An"]
[Result "0-1"]
[WhiteElo "2316"]
[BlackElo "2334"]

1.e4 c5 2.Nf3 e6 3.d4 cxd4 4.Nxd4 a6 5.Nc3 b5 6.g3 Bb7 7.Bg2 Nf6 8.O-O b4
9.Na4 Bxe4 10.Bxe4 Nxe4 11.Re1 d5 12.c4 bxc3 13.Nxc3 Nxc3 14.Qh5 g6 15.Qe5 Nd7
16.Qxh8 Ne4 17.Qxh7 Qf6 18.Be3 Bc5 19.f3 O-O-O 20.Qh4 g5 21.Qh3 Bxd4 22.fxe4 Bxe3+
23.Rxe3 Qd4 24.Re1 Ne5 25.Qf1 Nc4 26.Qd3 Qb6 27.exd5 Nxe3 28.Qxe3 Qxe3+ 29.Rxe3 Rxd5
30.h3 Kd7 31.Kf2 f5 32.Ke2 Ke7 33.Rb3 Kf6 34.Rb6 a5 35.a4 Ke5 36.b4 Rd4 37.Rb5+ Ke4
38.bxa5 Rxa4 39.h4 Ra2+ 40.Ke1 gxh4 41.gxh4 Kf4 42.h5 e5 43.h6 e4 44.h7 Rh2
45.Rb7 e3 46.Re7 Kf3 47.Kd1 Rh1+ 48.Kc2 e2 49.a6 Rxh7 50.Rxh7 e1=Q 51.a7 Qe4+
52.Kc3 f4 53.Re7 Qd5 54.Rd7 Qc6+ 55.Kb4 Kf2 56.Rc7 Qb6+ 57.Ka4 Qa6+ 58.Kb4 f3
59.Kb3 Kf1 60.Rc1+ Kg2 61.Rc2+ f2 62.Ra2 Qb5+ 63.Kc3 Qc5+ 64.Kb3 Qd5+ 65.Kb2 Qa8
66.Kc3 Kg1  0-1

[Event "Mukachevo Rating 18 2013"]
[Site "Mukachevo UKR"]
[Date "2013.05.03"]
[Round "5.4"]
[White "Tiba,V"]
[Black "Kristofori,A"]
[Result "1/2-1/2"]
[WhiteElo "2239"]
[BlackElo "2003"]

1.e4 c5 2.Nf3 e6 3.d4 cxd4 4.Nxd4 a6 5.Nc3 Qc7 6.Be2 Nf6 7.O-O Bb4 8.Qd3 Nc6
9.a3 Bc5 10.Be3 Ne5 11.Qd1 d6 12.Kh1 b5 13.f4 Ned7 14.Qe1 Bb7 15.Bf3  1/2-1/2

[Event "46th ch-JPN"]
[Site "Tokyo JPN"]
[Date "2013.05.03"]
[Round "5.2"]
[White "Nanjo,R"]
[Black "Ikeda,J"]
[Result "0-1"]
[WhiteElo "2327"]
[BlackElo "2367"]

1.e4 c5 2.Nf3 e6 3.d4 cxd4 4.Nxd4 a6 5.Nc3 b5 6.Bd3 Qb6 7.Nf3 Qc7 8.O-O Bb7
9.e5 f5 10.Re1 Be7 11.a4 b4 12.Nb1 Nc6 13.Nbd2 Na5 14.b3 Nh6 15.Bb2 O-O 16.Rc1 Rfc8
17.Qe2 Nf7 18.Qe3 Bd5 19.Bd4 Nc6 20.Bc4 Nxd4 21.Nxd4 Bb7 22.N2f3 Bc5 23.Qf4 Qb6
24.a5 Qxa5 25.Nxf5 Rf8 26.Rcd1 Rad8 27.N5d4 Nd6 28.Qh4 Nxc4 29.bxc4 Qb6 30.Ng5 h6
31.Ne4 Rc8 32.Rd3 Bxe4 33.Rxe4 Qd8 34.Qg4 Qe7 35.h4 a5 36.Nf3 a4 37.Re1 a3
38.Qe4 Rc7 39.Rb3 Qf7 40.c3 bxc3 41.Rxc3 Bb4 42.Rc2 Bxe1 43.Qxe1 Ra7 44.Qe3 Rfa8
45.Ra2 Qf5 46.Qb3 Qe4 47.Kh2 Ra4 48.c5 Qc4 49.Qb1 Rb4 50.Qa1 Qf4+ 51.Kh3 g5
52.hxg5 hxg5 53.g3 Qxf3 54.Qc1 Rh4+  0-1

[Event "FSGM May 2013"]
[Site "Budapest HUN"]
[Date "2013.05.04"]
[Round "1.1"]
[White "Papp,Petra"]
[Black "Kalegin,E"]
[Result "0-1"]
[WhiteElo "2307"]
[BlackElo "2447"]

1.e4 c5 2.Nf3 e6 3.d4 cxd4 4.Nxd4 a6 5.Nc3 b5 6.Bd3 Bb7 7.O-O Qc7 8.Qe2 Be7
9.Bd2 Nc6 10.Nxc6 Bxc6 11.Rae1 d6 12.f4 b4 13.Nd1 Nf6 14.Kh1 a5 15.e5 Nd7
16.Qg4 g6 17.c3 d5 18.Ne3 Nc5 19.Bb1 Ne4 20.Bc1 bxc3 21.bxc3 Nxc3 22.Bd3 d4
23.Nc4 h5 24.Qh3 Bd5 25.Nd6+ Bxd6 26.exd6 Qxd6 27.f5 gxf5 28.Qxf5 O-O-O 29.Qxf7 Qc6
30.Rf2 Rhg8 31.Bf1 d3 32.Qa7 Rd7 33.Qxa5 Rdg7 34.Bf4 Bxg2+ 35.Kg1 Bxf1+ 36.Bg3 Rxg3+  0-1

[Event "8th Angers Open"]
[Site "Angers FRA"]
[Date "2013.05.05"]
[Round "5.8"]
[White "Maruejols,P"]
[Black "Dandin,O"]
[Result "0-1"]
[WhiteElo "1477"]
[BlackElo "2071"]

1.e4 c5 2.Nf3 e6 3.d4 cxd4 4.Nxd4 a6 5.Nc3 Qc7 6.Be2 Nc6 7.O-O Nf6 8.Be3 b5
9.a3 Bb7 10.f4 Na5 11.Bf3 Nc4 12.Bc1 e5 13.Nde2 Bc5+ 14.Kh1 h5 15.b3 Ne3
16.Bxe3 Bxe3 17.fxe5 Qxe5 18.Nd5 Ng4 19.Bxg4 hxg4  0-1

[Event "Catalan Championship 2013"]
[Site "Barcelona ESP"]
[Date "2013.05.05"]
[Round "1.2"]
[White "Fluvia Poyatos,Jor"]
[Black "Lopez Martinez,Josep"]
[Result "0-1"]
[WhiteElo "2453"]
[BlackElo "2535"]

1.e4 c5 2.Nf3 e6 3.d4 cxd4 4.Nxd4 a6 5.Nc3 Qc7 6.f4 b5 7.Bd3 Bb7 8.Qe2 b4
9.Na4 Nf6 10.Bd2 Nc6 11.Nf3 Be7 12.c4 d6 13.Rc1 Nd7 14.Be3 O-O 15.O-O Rab8
16.b3 e5 17.f5 Nc5 18.Nxc5 dxc5 19.Qf2 Rbd8 20.Rcd1 Nd4 21.Qg3 Nxf3+ 22.Qxf3 Bf6
23.Qf2 Rc8 24.h4 Qe7 25.g3 Rfd8 26.Bc2 Rd4 27.Bxd4 exd4 28.Bd3 Be5 29.Kg2 Re8
30.Kh3 Qd6 31.a3 bxa3 32.Ra1 Rb8 33.Rxa3 Bc8 34.Qf3 f6 35.g4 Rb6 36.g5 fxg5
37.hxg5 Qe7 38.Rg1 Rg6 39.Qh5 Bf4 40.Rg4 Rxg5 41.Rxg5 Bxg5 42.e5 g6 43.Qg4 Bc1
44.Ra2 Qxe5 45.Rf2 Qe3+ 46.Rf3 Qe1 47.Rf1 Qxf1+ 48.Bxf1 Bxf5 49.Qxf5 gxf5
50.Bd3 f4 51.Kg4 h6 52.Be4 Kf7 53.Kf5 Ke7 54.Ke5 h5 55.Kd5 h4 56.Kxc5 Bb2
57.Kd5 h3 58.c5 d3 59.c6 d2 60.c7 Kd7  0-1

[Event "46th ch-JPN"]
[Site "Tokyo JPN"]
[Date "2013.05.05"]
[Round "11.1"]
[White "Kobayashi,A"]
[Black "Ikeda,J"]
[Result "0-1"]
[WhiteElo "2011"]
[BlackElo "2367"]

1.e4 c5 2.Nf3 e6 3.d4 cxd4 4.Nxd4 a6 5.Nc3 b5 6.Bd3 Qb6 7.Nf3 Qc7 8.O-O Bb7
9.Re1 Be7 10.Be3 Nf6 11.e5 Nd5 12.Ne4 Nxe3 13.Rxe3 Nc6 14.a4 b4 15.Ned2 d5
16.Nb3 g5 17.Nfd4 Nxe5 18.Bb5+ axb5 19.Nxb5 Qb8 20.Qh5 Ng6 21.N3d4 Ra6 22.Rae1 Qc8
23.b3 e5 24.Qe2 O-O 25.Nf3 Bc5  0-1

[Event "31st Liechtenstein Open 2013"]
[Site "Triesen LIE"]
[Date "2013.05.05"]
[Round "3.16"]
[White "Meng,R"]
[Black "Rous,D"]
[Result "1-0"]
[WhiteElo "2308"]
[BlackElo "2038"]

1.e4 c5 2.Nf3 e6 3.Nc3 a6 4.d4 cxd4 5.Nxd4 Qc7 6.Bd3 Nf6 7.f4 d6 8.Qf3 Nc6
9.Nxc6 bxc6 10.O-O d5 11.b3 Bc5+ 12.Kh1 Bd4 13.Bb2 dxe4 14.Bxe4 Nxe4 15.Qxe4 Bf6
16.Na4 Bxb2 17.Nxb2 O-O 18.Na4 Rb8 19.c4 e5 20.Qxe5 Qxe5 21.fxe5 Bg4 22.Nc5 Rbd8
23.h3 Bc8 24.Rad1 Rde8 25.Rfe1 Re7 26.Rd6 Rc7 27.b4 Re8 28.Kg1 Kf8 29.a4 Ke7
30.Kf2 Kf8 31.Re3 Ke7 32.Ke1 h6 33.Kd2 Kf8 34.Kc3 Ke7 35.Kd4 Be6 36.Nxa6  1-0

[Event "FSGM May 2013"]
[Site "Budapest HUN"]
[Date "2013.05.06"]
[Round "3.2"]
[White "Annageldyev,O"]
[Black "Kalegin,E"]
[Result "1-0"]
[WhiteElo "2397"]
[BlackElo "2447"]

1.e4 c5 2.Nf3 e6 3.d4 cxd4 4.Nxd4 a6 5.Nc3 b5 6.Be2 Bb7 7.O-O Nc6 8.Be3 Nf6
9.a3 d6 10.f4 Be7 11.Bf3 Qc7 12.Kh1 O-O 13.Qe1 Nxd4 14.Bxd4 e5 15.fxe5 dxe5
16.Qg3 Bd6 17.Be3 Kh8 18.Bg5 Ng8 19.Rad1 f6 20.Be3 Ne7 21.Qf2 Bc6 22.Rd3 Nc8
23.Nd5 Bxd5 24.Rxd5 Ne7 25.Rd3 Ng8 26.Rfd1 Be7 27.Bg4 Qc6 28.Rc3 Qe8 29.Bd7 Qb8
30.Bc6  1-0

[Event "Catalan Championship 2013"]
[Site "Barcelona ESP"]
[Date "2013.05.07"]
[Round "2.2"]
[White "Perez Mitjans,O"]
[Black "Illescas Cordoba,M"]
[Result "1/2-1/2"]
[WhiteElo "2483"]
[BlackElo "2620"]

1.e4 c5 2.Nf3 e6 3.d4 cxd4 4.Nxd4 a6 5.Nc3 b5 6.Bd3 Bb7 7.O-O d6 8.a4 b4
9.Nce2 Nf6 10.Ng3 Nbd7 11.Bd2 h5 12.Re1 h4 13.Nf1 h3 14.g3 Nc5 15.Bg5 Be7
16.Nd2 g6 17.N4b3 Nxd3 18.cxd3 Rh5 19.Nf3 a5 20.Rc1 e5 21.Nbd2 Kf8 22.Qc2 Rc8
23.Qb3 Kg7 24.Nc4 Rh8 25.Qd1 Ra8 26.Ne3 Qd7 27.b3 Rhc8 28.Qd2 Qe6 29.Rc4 Rxc4
30.Nxc4 Kg8 31.Bh4 Ra6 32.Qe2 Bf8 33.Ng5 Qd7 34.Qf1 Bc8 35.Ne3 Ne8 36.Nf3 f6
37.g4 Rc6 38.Qxh3 Rc3 39.Qg2 g5 40.Bg3 Rxb3 41.h4 gxh4 42.Nxh4 Rxd3 43.Nhf5 Qxa4
44.g5 Bxf5 45.exf5 fxg5 46.Bh4 Qd7 47.Bxg5 Qg7 48.Ng4 Rd4 49.f4 Nc7 50.Bf6 Rd2
51.Bxg7 Rxg2+ 52.Kxg2 Kxg7 53.fxe5 dxe5 54.f6+ Kf7 55.Nxe5+ Kxf6 56.Nd7+ Kg7
57.Nxf8 Kxf8 58.Ra1 b3 59.Rxa5 b2 60.Rf5+ Ke7 61.Rf1 Nd5 62.Rb1 Ne3+ 63.Kh1 Nc4
64.Rxb2 Nxb2  1/2-1/2

[Event "FSIMB May 2013"]
[Site "Budapest HUN"]
[Date "2013.05.08"]
[Round "5.2"]
[White "Atabayew,S"]
[Black "Li Bo"]
[Result "0-1"]
[WhiteElo "2134"]
[BlackElo "2252"]

1.e4 c5 2.Nf3 a6 3.Nc3 e6 4.d4 cxd4 5.Nxd4 Qc7 6.Bd3 Nf6 7.O-O Nc6 8.Nb3 Be7
9.Qe2 b5 10.a3 Bb7 11.f4 d6 12.Bd2 Nd7 13.Rae1 Nc5 14.Rf3 Nxb3 15.cxb3 Nd4
16.Qf2 Nxf3+ 17.Qxf3 O-O 18.Qh3 g6 19.f5 Bf6 20.fxe6 fxe6 21.Qxe6+ Qf7 22.Qxf7+ Rxf7
23.a4 b4 24.Bc4 Kg7 25.Nd5 Bd4+ 26.Kh1 a5 27.Nc7 Rf2 28.Bg5 Bf6 29.Kg1 Bxg5
30.Kxf2 Rf8+ 31.Ke2 Kh6 32.Ne6 Re8 33.Kd3 Bf6 34.Re2 Be5 35.Rf2 Bc8 36.Nc7 Re7
37.Nd5 Ra7 38.Rf8 Be6 39.Ne3 Kg7 40.Rf1 Bc8 41.h3 Bxb2 42.Nd5 Be5 43.Nb6 Ba6
44.Bxa6 Rxa6 45.Nc4 Rc6 46.Rd1 Rc5 47.Kc2 Rc7 48.Rd5 Kf6 49.Rxa5 Kg5 50.Kd3 Kf4
51.Rb5 Kg3 52.Rxb4 Kxg2 53.a5 Kxh3 54.a6 Ra7 55.Ra4 g5 56.b4 g4 57.b5 g3
58.Ne3 Bf4 59.Ng2 Kxg2 60.b6 Rxa6 61.Rxa6 Kf3 62.b7 g2 63.b8=Q g1=Q 64.Qb3 Qe3+
65.Kc4 Qxb3+ 66.Kxb3 h5 67.Ra8 h4 68.Rh8 Bg3 69.Kc4 Kg2 70.Kd3 h3 71.Rb8 h2
72.Rb2+ Kf3  0-1

[Event "31st Liechtenstein Open 2013"]
[Site "Triesen LIE"]
[Date "2013.05.08"]
[Round "6.15"]
[White "Bezler,R"]
[Black "Mertens,K"]
[Result "1-0"]
[WhiteElo "2206"]
[BlackElo "2066"]

1.e4 c5 2.Nf3 e6 3.d4 cxd4 4.Nxd4 a6 5.Nc3 Qc7 6.Bd3 Nf6 7.f4 Nc6 8.Nxc6 Qxc6
9.Qe2 Bc5 10.Bd2 h5 11.O-O-O d6 12.e5 Ng4 13.Ne4 dxe5 14.h3 Nf6 15.Nxc5 Qxc5
16.fxe5 Nd5 17.Kb1 b5 18.Rc1 Bb7 19.c4 bxc4 20.Rxc4 Qb6 21.Rhc1 Qd8 22.Qe1 Rc8
23.Rxc8 Bxc8 24.Qg3 g6 25.Ba5 Qd7 26.Bxg6 Rh6 27.Be4 Ne7 28.Qg7  1-0

[Event "FSIMB May 2013"]
[Site "Budapest HUN"]
[Date "2013.05.09"]
[Round "6.2"]
[White "Szalanczy,E"]
[Black "Li Bo"]
[Result "0-1"]
[WhiteElo "2262"]
[BlackElo "2252"]

1.e4 c5 2.Nf3 a6 3.Nc3 e6 4.d4 cxd4 5.Nxd4 Qc7 6.Be3 Bb4 7.Qd2 Nf6 8.f3 d5
9.e5 Qxe5 10.O-O-O Qc7 11.Bf4 Bxc3 12.bxc3 Qc5 13.Bd3 Nbd7 14.g4 Nb6 15.Qe1 Na4
16.Ne2 e5 17.Bg5 Be6 18.Kd2 e4 19.Be3 Qa3 20.Bd4 exd3 21.Nf4 dxc2 22.Rc1 Qd6
23.Be5 Ne4+ 24.Qxe4 dxe4+ 25.Bxd6 O-O-O 26.Nxe6 fxe6  0-1